[Event "South FR-ch"]
[Site "Maikop"]
[Date "2018.03.29"]
[Round "6"]
[White "Ermolov, Vasily"]
[Black "Pivovarova, Maria"]
[Result "1/2-1/2"]
[WhiteElo "2005"]
[BlackElo "2036"]
[PlyCount "161"]
[EventDate "2018.03.24"]
[EventType "swiss"]
[EventRounds "9"]
[EventCountry "RUS"]
[SourceTitle "EXT 2019"]
[Source "ChessBase"]
[SourceDate "2018.10.10"]
[SourceVersion "1"]
[SourceVersionDate "2018.10.10"]
[SourceQuality "1"]

1. e4 Nc6 2. Nc3 d6 3. Bb5 a6 4. Bxc6+ bxc6 5. Nge2 c5 6. 0-0 g6 7. d3 Bg7 8. h3 Nf6 9. Bg5 0-0 10. Qd2 c6 11. Bh6 e5 12. Ng3 Ne8 13. Bxg7 Kxg7 14. f4 exf4 15. Qxf4 f6 16. Kh2 Ra7 17. Rae1 Raf7 18. Rf3 Qe7 19. Ref1 Nc7 20. Nce2 Qe5 21. Qxe5 fxe5 22. Rxf7+ Rxf7 23. Rxf7+ Kxf7 24. Kg1 Be6 25. b3 a5 26. Kf2 Na6 27. a3 Nc7 28. c4 Bd7 29. Nc3 Ne6 30. Nge2 Kf6 31. Na4 Bc8 32. Ke3 h5 33. h4 Nd8 34. Ng1 Bg4 35. Nf3 Bxf3 36. gxf3 Ne6 37. Nb6 Nd4 38. f4 Ke6 39. fxe5 dxe5 40. Na4 Nxb3 41. Nc3 Nd4 42. a4 Kf6 43. Kf2 g5 44. Kg3 Ne6 45. Ne2 Kg6 46. Ng1 gxh4+ 47. Kxh4 Nf4 48. Nf3 Nxd3 49. Nd2 Nb2 50. Nb3 Nxc4 51. Nxc5 Nb6 52. Nb3 Nxa4 53. Nxa5 c5 54. Nc4 Kf6 55. Kxh5 Nc3 56. Nd2 Nb5 57. Kg4 Nd6 58. Kf3 Ke6 59. Ke3 c4 60. Nf3 Nb5 61. Nd2 Na3 62. Ke2 Kd6 63. Nf3 Nb5 64. Ke3 Nc3 65. Nd2 Nd1+ 66. Ke2 Nb2 67. Nf3 c3 68. Ne1 Kc5 69. Nf3 Nc4 70. Kd3 Kb4 71. Kc2 Ne3+ 72. Kc1 Ng4 73. Ne1 Kc4 74. Nc2 Kd3 75. Nb4+ Kxe4 76. Kc2 Kd4 77. Kb3 e4 78. Na2 Kd3 79. Nxc3 e3 80. Nd5 e2 81. Nf4+ 1/2-1/2

[Event "South FR-ch"]
[Site "Maikop"]
[Date "2018.03.24"]
[Round "1"]
[White "Truskavetsky, Alexandr"]
[Black "Ermolov, Vasily"]
[Result "1-0"]
[WhiteElo "2387"]
[BlackElo "2005"]
[PlyCount "69"]
[EventDate "2018.03.24"]
[EventType "swiss"]
[EventRounds "9"]
[EventCountry "RUS"]
[SourceTitle "EXT 2019"]
[Source "ChessBase"]
[SourceDate "2018.10.10"]
[SourceVersion "1"]
[SourceVersionDate "2018.10.10"]
[SourceQuality "1"]

1. d4 Nf6 2. Bf4 c5 3. d5 Qb6 4. Nc3 Qxb2 5. Bd2 Qb6 6. Rb1 Qd8 7. e4 d6 8. f4 a6 9. a4 b6 10. Bc4 Bg4 11. Nf3 Nbd7 12. 0-0 g6 13. Qe2 Bh6 14. h3 Bxf3 15. Rxf3 b5 16. axb5 axb5 17. Bxb5 0-0 18. Re1 Nb6 19. Bc6 Ra3 20. e5 Nh5 21. g3 dxe5 22. fxe5 Bxd2 23. Qxd2 Nc4 24. Qe2 Na5 25. Bb5 Qc8 26. Kh2 c4 27. d6 exd6 28. exd6 Rxc3 29. Rxc3 Qc5 30. Qe5 Qf2+ 31. Kh1 f6 32. Qe3 Qf5 33. Qe6+ Qxe6 34. Rxe6 Rd8 35. d7 1-0

[Event "Yuzhny FO-ch op"]
[Site "Armavir"]
[Date "2015.02.??"]
[Round "5"]
[White "Panarin, Vladimir"]
[Black "Ermolov, Vasily"]
[Result "1-0"]
[WhiteElo "2019"]
[BlackElo "1885"]
[PlyCount "65"]
[EventDate "2015.02.13"]
[EventType "swiss"]
[EventRounds "9"]
[EventCountry "RUS"]
[SourceTitle "CBM 165 Extra"]
[Source "ChessBase"]
[SourceDate "2015.04.21"]
[SourceVersion "1"]
[SourceVersionDate "2015.04.21"]
[SourceQuality "1"]

1. d4 Nf6 2. c4 e6 3. g3 Bb4+ 4. Nd2 0-0 5. Bg2 d5 6. Ngf3 c6 7. 0-0 Nbd7 8. Qc2 Re8 9. e3 Bf8 10. e4 dxe4 11. Nxe4 Nxe4 12. Qxe4 Nf6 13. Qe2 h6 14. Rd1 Qc7 15. Ne5 Nd7 16. Bf4 Nxe5 17. Bxe5 Bd6 18. c5 Bxe5 19. dxe5 Bd7 20. Rd6 Rad8 21. Rad1 Bc8 22. Qe4 Rxd6 23. cxd6 Qd7 24. h4 c5 25. g4 Rd8 26. Rc1 b6 27. b4 Qa4 28. Qc2 Qa3 29. bxc5 bxc5 30. Qxc5 Qb2 31. Qxc8 Rxc8 32. Rxc8+ Kh7 33. d7 1-0

[Event "Sochi Tseshkovsky Memorial op"]
[Site "Sochi"]
[Date "2014.09.23"]
[Round "7"]
[White "Ermolov, Vasily"]
[Black "Gutkis, Vladimir"]
[Result "0-1"]
[WhiteElo "1952"]
[BlackElo "2224"]
[PlyCount "52"]
[EventDate "2014.09.17"]
[EventType "swiss"]
[EventRounds "9"]
[EventCountry "RUS"]
[SourceTitle "CBM 162 Extra"]
[Source "ChessBase"]
[SourceDate "2014.10.17"]
[SourceVersion "1"]
[SourceVersionDate "2014.10.17"]
[SourceQuality "1"]

1. Nf3 d5 2. d4 e6 3. c4 c6 4. Nc3 dxc4 5. e3 b5 6. a4 Bb4 7. Bd2 Qe7 8. axb5 Bxc3 9. Bxc3 cxb5 10. d5 Nf6 11. d6 Qb7 12. g3 Bd7 13. Bg2 Bc6 14. 0-0 Nbd7 15. Ne1 Bxg2 16. Nxg2 0-0 17. Nf4 b4 18. Bxf6 Nxf6 19. Qd4 Qb5 20. Qd1 a5 21. f3 Qc5 22. Qe2 e5 23. Ng2 Nd5 24. Rfc1 c3 25. bxc3 Nxc3 26. Qd3 Rfd8 0-1

[Event "Sochi Tseshkovsky Memorial op"]
[Site "Sochi"]
[Date "2014.09.22"]
[Round "6"]
[White "Nikolaev, Valerij"]
[Black "Ermolov, Vasily"]
[Result "0-1"]
[WhiteElo "1789"]
[BlackElo "1952"]
[PlyCount "76"]
[EventDate "2014.09.17"]
[EventType "swiss"]
[EventRounds "9"]
[EventCountry "RUS"]
[SourceTitle "CBM 162 Extra"]
[Source "ChessBase"]
[SourceDate "2014.10.17"]
[SourceVersion "1"]
[SourceVersionDate "2014.10.17"]
[SourceQuality "1"]

1. e4 c5 2. Nf3 Nc6 3. c3 e6 4. d3 d5 5. Nbd2 Nf6 6. Be2 Be7 7. 0-0 0-0 8. Qc2 e5 9. Rd1 h6 10. Nf1 Qc7 11. Ng3 Re8 12. h3 Be6 13. Nh2 Rad8 14. Ng4 Nxg4 15. hxg4 Bf8 16. g5 hxg5 17. Bxg5 f6 18. Be3 d4 19. Bd2 g6 20. c4 a6 21. Rf1 Qh7 22. f3 f5 23. f4 Qh4 24. Be1 exf4 25. Nxf5 Qh7 26. Nh4 g5 27. Nf3 Be7 28. Nh2 Ne5 29. Qd1 Kg7 30. Bf3 Rh8 31. Ng4 Bxg4 32. Bxg4 Qh2+ 33. Kf2 Qg3+ 34. Kg1 Qxg4 35. Ba5 f3 36. Rf2 Qh4 37. Rxf3 Nxf3+ 38. Qxf3 Rdf8 0-1

[Event "Sochi Tseshkovsky Memorial op"]
[Site "Sochi"]
[Date "2014.09.17"]
[Round "1"]
[White "Ermolov, Vasily"]
[Black "Demidov, Mikhail"]
[Result "0-1"]
[WhiteElo "1952"]
[BlackElo "2499"]
[PlyCount "81"]
[EventDate "2014.09.17"]
[EventType "swiss"]
[EventRounds "9"]
[EventCountry "RUS"]
[SourceTitle "CBM 162 Extra"]
[Source "ChessBase"]
[SourceDate "2014.10.17"]
[SourceVersion "1"]
[SourceVersionDate "2014.10.17"]
[SourceQuality "1"]

1. e4 e6 2. Nc3 d5 3. d3 c5 4. Nf3 Nc6 5. exd5 exd5 6. d4 Nf6 7. Be3 cxd4 8. Nxd4 Bb4 9. Bb5 Qc7 10. 0-0 0-0 11. h3 Bxc3 12. bxc3 Bd7 13. Bd3 Rfe8 14. Re1 Ne4 15. Ne2 Rad8 16. Bf4 Qa5 17. Rb1 Bc8 18. Rb3 Qxa2 19. Qc1 Qa5 20. Rb5 Qa4 21. Rb3 Nc5 22. Ra3 Nxd3 23. cxd3 Qb5 24. Bc7 Qxd3 25. Bxd8 Rxe2 26. Rxe2 Qxe2 27. Bg5 h6 28. Be3 a6 29. Qb1 b5 30. Qb3 Qd3 31. Qb2 Qc4 32. Ra1 a5 33. Qd2 Be6 34. f4 Bf5 35. g4 Be4 36. f5 Ne5 37. Kf2 Nf3 38. Qb2 Qc7 39. Ke2 Qh2+ 40. Bf2 Ne5 41. Rf1 0-1

[Event "Malaya Zemlya op"]
[Site "Novorossiysk"]
[Date "2014.07.16"]
[Round "8"]
[White "Gorentsov, Ivan Pavlovich"]
[Black "Ermolov, Vasily"]
[Result "1-0"]
[WhiteElo "1690"]
[BlackElo "2031"]
[PlyCount "105"]
[EventDate "2014.07.08"]
[EventType "swiss"]
[EventRounds "9"]
[EventCountry "RUS"]
[SourceTitle "CBM 161 Extra"]
[Source "ChessBase"]
[SourceDate "2014.08.29"]
[SourceVersion "1"]
[SourceVersionDate "2014.08.29"]
[SourceQuality "1"]

1. e4 c5 2. Nf3 a6 3. Be2 Nc6 4. 0-0 Nf6 5. d3 d6 6. Re1 g6 7. Bg5 Bg7 8. Nc3 b5 9. Qc1 h6 10. Bxf6 Bxf6 11. Nd5 Bg7 12. c3 h5 13. Qd1 e6 14. Ne3 0-0 15. Rb1 Qa5 16. Qd2 Bb7 17. a3 Rad8 18. Nc2 d5 19. exd5 exd5 20. d4 c4 21. Qg5 Qc7 22. Nh4 Qd6 23. Bf3 Qf6 24. Qxf6 Bxf6 25. g3 Bxh4 26. gxh4 Rd7 27. Re2 Ne7 28. Ne3 Kg7 29. Rbe1 Kf6 30. Ng2 Rfd8 31. Re5 Nf5 32. Bd1 Rd6 33. Kf1 a5 34. Bc2 Bc8 35. Bxf5 Bxf5 36. Re7 R8d7 37. Re8 b4 38. Ra8 bxa3 39. bxa3 Rb6 40. Rxa5 Rb3 41. Rc1 Bd3+ 42. Kg1 Rb2 43. Ne3 Be4 44. Ra4 Ra2 45. Rf1 Bf3 46. Ra6+ Kg7 47. Ra5 Rd6 48. h3 f5 49. Rb1 f4 50. Ra7+ Kf6 51. Rb8 Ra1+ 52. Nf1 Kf5 53. Re8 1-0

[Event "Malaya Zemlya op"]
[Site "Novorossiysk"]
[Date "2014.07.14"]
[Round "6"]
[White "Ermolov, Vasily"]
[Black "Esipenko, Aleksandr"]
[Result "1/2-1/2"]
[WhiteElo "2031"]
[BlackElo "1642"]
[PlyCount "108"]
[EventDate "2014.07.08"]
[EventType "swiss"]
[EventRounds "9"]
[EventCountry "RUS"]
[SourceTitle "CBM 161 Extra"]
[Source "ChessBase"]
[SourceDate "2014.08.29"]
[SourceVersion "1"]
[SourceVersionDate "2014.08.29"]
[SourceQuality "1"]

1. Nf3 Nf6 2. c4 g6 3. Nc3 Bg7 4. d4 d6 5. g3 0-0 6. Bg2 Re8 7. 0-0 Nbd7 8. e4 e5 9. dxe5 dxe5 10. Qc2 c6 11. b4 Qe7 12. Rb1 Nf8 13. b5 Nh5 14. Qb3 Ne6 15. Ba3 Qc7 16. Rfd1 Nd4 17. Nxd4 exd4 18. Ne2 c5 19. Bc1 b6 20. Bf3 Qe5 21. Nf4 Nxf4 22. Bxf4 Qe7 23. e5 Bb7 24. Re1 Qd7 25. Rbd1 Re7 26. Rd2 Rae8 27. Rde2 h6 28. h4 h5 29. Qd3 Bxf3 30. Qxf3 Qf5 31. Kg2 a6 32. bxa6 Qc8 33. Qd3 Qxa6 34. e6 Qb7+ 35. Kg1 Qc6 36. exf7+ Kxf7 37. Rxe7+ Rxe7 38. Rxe7+ Kxe7 39. a4 Kf7 40. Qb3 Bf6 41. Qb5 Qe6 42. Qb3 Bd8 43. Qf3 Bf6 44. Bg5 Qe7 45. Kf1 Kg7 46. Bd2 Qf7 47. Qe2 Qd7 48. a5 Qc6 49. f3 bxa5 50. Bxa5 Qd6 51. f4 Qc6 52. Be1 Qh1+ 53. Kf2 Qh2+ 54. Kf3 Qh1+ 1/2-1/2

[Event "Malaya Zemlya op"]
[Site "Novorossiysk"]
[Date "2014.07.09"]
[Round "2"]
[White "Ermolov, Vasily"]
[Black "Kravchenko, Daniil"]
[Result "1/2-1/2"]
[WhiteElo "2031"]
[BlackElo "1764"]
[PlyCount "94"]
[EventDate "2014.07.08"]
[EventType "swiss"]
[EventRounds "9"]
[EventCountry "RUS"]
[SourceTitle "CBM 161 Extra"]
[Source "ChessBase"]
[SourceDate "2014.08.29"]
[SourceVersion "1"]
[SourceVersionDate "2014.08.29"]
[SourceQuality "1"]

1. Nf3 Nf6 2. c4 g6 3. Nc3 Bg7 4. g3 d6 5. Bg2 0-0 6. 0-0 Nbd7 7. d3 c5 8. Qc2 a6 9. Rb1 Rb8 10. b4 Qc7 11. bxc5 Nxc5 12. Bg5 Be6 13. Nd4 Rfe8 14. Nxe6 Nxe6 15. Bxf6 Bxf6 16. Nd5 Qc8 17. Nxf6+ exf6 18. Qb2 Qd8 19. e3 Nc5 20. Qc2 f5 21. Bd5 Qc7 22. Rfc1 b6 23. Qd1 Rec8 24. Rb2 Nd7 25. Rcb1 Nf6 26. Bf3 Nd7 27. Qa4 Nc5 28. Qc2 Nd7 29. Qc3 b5 30. Qd4 bxc4 31. Rxb8 Rxb8 32. Rxb8+ Qxb8 33. dxc4 Ne5 34. Kg2 Nxf3 35. Kxf3 Qb1 36. a3 Qh1+ 37. Ke2 Qc1 38. Qd3 h5 39. h4 Kh7 40. Qb3 Kh6 41. Qd3 Kh7 42. Qxd6 Qxc4+ 43. Qd3 Qa2+ 44. Kf1 Qe6 45. Kg2 Qc6+ 46. Kh2 Qe6 47. Kg1 Qc6 1/2-1/2

[Event "Lazarevskoe op"]
[Site "Lazarevskoe"]
[Date "2014.06.20"]
[Round "?"]
[White "Rolgeizer, Genrikh"]
[Black "Ermolov, Vasily"]
[Result "1/2-1/2"]
[WhiteElo "1738"]
[BlackElo "2031"]
[PlyCount "73"]
[EventDate "2014.06.14"]
[EventType "swiss"]
[EventRounds "9"]
[EventCountry "RUS"]
[SourceTitle "EXT 2015"]
[Source "ChessBase"]
[SourceDate "2014.11.20"]
[SourceVersion "1"]
[SourceVersionDate "2014.11.20"]
[SourceQuality "1"]

1. e4 Nf6 2. e5 Nd5 3. d4 d6 4. Nf3 g6 5. Bc4 c6 6. 0-0 Bg7 7. c3 0-0 8. Nbd2 dxe5 9. Nxe5 Nd7 10. f4 Ne3 11. Qb3 Nxe5 12. fxe5 Nxf1 13. Nxf1 Qb6 14. Bg5 Qxb3 15. Bxb3 Re8 16. Ng3 h6 17. Rf1 Be6 18. Bxe6 fxe6 19. Be3 Rf8 20. Rb1 b5 21. b4 a5 22. a3 axb4 23. axb4 Ra3 24. Ne4 Rfa8 25. Rc1 Ra1 26. Rxa1 Rxa1+ 27. Kf2 Kf7 28. h3 Ke8 29. Nc5 Kf7 30. h4 Ra2+ 31. Kf3 Rc2 32. Ne4 Kg8 33. g4 Rh2 34. Bf2 Rh1 35. g5 Rc1 36. Ke2 h5 37. Be1 1/2-1/2

[Event "Lazarevskoe op"]
[Site "Lazarevskoe"]
[Date "2014.06.17"]
[Round "?"]
[White "Ermolov, Vasily"]
[Black "Shuaipov, Islam"]
[Result "1-0"]
[WhiteElo "2031"]
[BlackElo "1921"]
[PlyCount "61"]
[EventDate "2014.06.14"]
[EventType "swiss"]
[EventRounds "9"]
[EventCountry "RUS"]
[SourceTitle "EXT 2015"]
[Source "ChessBase"]
[SourceDate "2014.11.20"]
[SourceVersion "1"]
[SourceVersionDate "2014.11.20"]
[SourceQuality "1"]

1. e4 c5 2. Nf3 Nc6 3. d4 cxd4 4. Nxd4 Nf6 5. Nc3 d6 6. Bg5 g6 7. Bxf6 exf6 8. Qd2 Qb6 9. 0-0-0 Qxd4 10. Qxd4 Nxd4 11. Rxd4 Be6 12. Bb5+ Kd8 13. Rhd1 a6 14. Bc4 Rc8 15. Bd5 Rc7 16. Kb1 f5 17. Bb3 Kc8 18. exf5 gxf5 19. Re1 Kd7 20. Nd5 Bxd5 21. Rxd5 Rc5 22. Rxc5 dxc5 23. Bxf7 Bd6 24. Be6+ Kc7 25. Bxf5 Rf8 26. g4 Bxh2 27. Re7+ Kd6 28. Rxh7 Re8 29. a4 Bg1 30. Rd7+ Kc6 31. Rd1 1-0

[Event "Belorechensk Seniors op"]
[Site "Belorechensk"]
[Date "2013.02.16"]
[Round "4"]
[White "Vaschhukov, Viktor"]
[Black "Ermolov, Vasily"]
[Result "1/2-1/2"]
[WhiteElo "1980"]
[BlackElo "2028"]
[PlyCount "56"]
[EventDate "2013.02.13"]
[EventType "swiss"]
[EventRounds "9"]
[EventCountry "RUS"]
[SourceTitle "CBM 153 Extra"]
[Source "ChessBase"]
[SourceDate "2013.04.22"]
[SourceVersion "1"]
[SourceVersionDate "2013.04.22"]
[SourceQuality "1"]

1. e4 c5 2. Bc4 Nc6 3. Nc3 a6 4. a3 b5 5. Ba2 e6 6. f4 Nge7 7. Nf3 Bb7 8. 0-0 Qb6 9. d3 Nd4 10. Nxd4 cxd4 11. Ne2 Rc8 12. b4 f5 13. exf5 Nxf5 14. Bb3 Be7 15. Ng3 0-0 16. Qg4 Kh8 17. Bd2 Nxg3 18. hxg3 Rf5 19. Rae1 Bd5 20. Bxd5 Rxd5 21. f5 Rxf5 22. Rxf5 exf5 23. Qxf5 Qd8 24. Qf7 Bf6 25. g4 h6 26. Qg6 Bg5 27. Bxg5 Qxg5 28. Qxg5 hxg5 1/2-1/2

[Event "Arhipo Osipovka op"]
[Site "Arhipo Osipovka"]
[Date "2012.09.04"]
[Round "7"]
[White "Ermolov, Vasily"]
[Black "Brazhnikov, Vladislav"]
[Result "1/2-1/2"]
[WhiteElo "2042"]
[BlackElo "1765"]
[PlyCount "86"]
[EventDate "2012.08.28"]
[EventType "swiss"]
[EventRounds "9"]
[EventCountry "RUS"]
[SourceTitle "EXT 2023"]
[Source "ChessBase"]
[SourceDate "2022.10.05"]
[SourceVersion "1"]
[SourceVersionDate "2022.10.05"]
[SourceQuality "1"]

1. e4 c5 2. Nc3 Nc6 3. Nge2 e6 4. g3 g6 5. d4 cxd4 6. Nxd4 a6 7. Bg2 Bg7 8. Be3 Nge7 9. Qd2 Ne5 10. Qe2 N5c6 11. Rd1 0-0 12. 0-0 Nxd4 13. Bxd4 Bxd4 14. Rxd4 Qb6 15. Qd2 Nc6 16. Ra4 Qc5 17. Qe2 Rb8 18. Rc4 Qe7 19. e5 b5 20. Rf4 f5 21. exf6 Rxf6 22. Rxf6 Qxf6 23. Rd1 Qe5 24. Qd2 b4 25. Ne4 d5 26. h4 Rb7 27. Nc5 Re7 28. Nd3 Qd6 29. h5 e5 30. hxg6 hxg6 31. Nc1 d4 32. Be4 Kg7 33. Qd3 Bb7 34. Nb3 Nd8 35. Re1 Bxe4 36. Qxe4 Qc6 37. Nxd4 Qxe4 38. Rxe4 Kf6 39. Ne2 Nc6 40. c4 Re6 41. Kf1 Rd6 42. Ke1 g5 43. f3 a5 1/2-1/2

[Event "Arhipo Osipovka op"]
[Site "Arhipo Osipovka"]
[Date "2012.08.28"]
[Round "1"]
[White "Ermolov, Vasily"]
[Black "Skripnikov, Velori"]
[Result "0-1"]
[WhiteElo "2042"]
[BlackElo "1719"]
[PlyCount "52"]
[EventDate "2012.08.28"]
[EventType "swiss"]
[EventRounds "9"]
[EventCountry "RUS"]
[SourceTitle "EXT 2023"]
[Source "ChessBase"]
[SourceDate "2022.10.05"]
[SourceVersion "1"]
[SourceVersionDate "2022.10.05"]
[SourceQuality "1"]

1. e4 c6 2. d4 d5 3. Nc3 dxe4 4. Nxe4 Bf5 5. Ng3 Bg6 6. h4 h6 7. Nf3 Nd7 8. h5 Bh7 9. Bd3 Bxd3 10. Qxd3 Ngf6 11. Bd2 e6 12. 0-0-0 Qc7 13. Kb1 Bd6 14. Ne4 Nxe4 15. Qxe4 Nf6 16. Qe2 0-0 17. c4 c5 18. Be3 Ng4 19. d5 exd5 20. Rxd5 Rfe8 21. Nd2 Nf6 22. Rf5 Bf4 23. Nb3 Bxe3 24. fxe3 b6 25. Qf3 Qb7 26. Qg3 Qe4+ 0-1

[Event "Belorechensk Sarkisov Memorial op"]
[Site "Belorechensk"]
[Date "2012.05.30"]
[Round "8"]
[White "Makarkin, Zhan"]
[Black "Ermolov, Vasily"]
[Result "1/2-1/2"]
[WhiteElo "2126"]
[BlackElo "2007"]
[PlyCount "32"]
[EventDate "2012.05.23"]
[EventType "swiss"]
[EventRounds "9"]
[EventCountry "RUS"]
[SourceTitle "CBM 148 Extra"]
[Source "ChessBase"]
[SourceDate "2012.06.22"]
[SourceVersion "1"]
[SourceVersionDate "2012.06.22"]
[SourceQuality "1"]

1. e4 c5 2. Nf3 Nc6 3. d4 cxd4 4. Nxd4 e5 5. Nb5 a6 6. Nd6+ Bxd6 7. Qxd6 Qf6 8. Qd3 Nge7 9. Be3 d5 10. exd5 Nb4 11. Qb3 Nbxd5 12. Bd2 0-0 13. h4 h6 14. Nc3 Be6 15. Ne4 Qg6 16. Nc5 Bf5 1/2-1/2

[Event "Belorechensk Sarkisov Memorial op"]
[Site "Belorechensk"]
[Date "2012.05.28"]
[Round "6"]
[White "Petrova, Olga"]
[Black "Ermolov, Vasily"]
[Result "1-0"]
[WhiteElo "2258"]
[BlackElo "2007"]
[PlyCount "59"]
[EventDate "2012.05.23"]
[EventType "swiss"]
[EventRounds "9"]
[EventCountry "RUS"]
[SourceTitle "CBM 148 Extra"]
[Source "ChessBase"]
[SourceDate "2012.06.22"]
[SourceVersion "1"]
[SourceVersionDate "2012.06.22"]
[SourceQuality "1"]

1. e4 e5 2. Nc3 Nc6 3. Bc4 Nf6 4. d3 Na5 5. Qf3 Nxc4 6. dxc4 d6 7. h3 Be6 8. b3 Be7 9. Nge2 c6 10. 0-0 0-0 11. Ng3 d5 12. exd5 cxd5 13. Rd1 d4 14. Qxb7 Nd7 15. Nd5 Bh4 16. Ba3 Rb8 17. Qc6 Rc8 18. Qd6 Re8 19. Ne2 Bf5 20. g3 Re6 21. Qb4 Bf6 22. Qd2 Bxh3 23. c3 Bg5 24. f4 exf4 25. Nexf4 Ra6 26. Qxd4 Bg4 27. Bb4 Bxd1 28. Rxd1 Rxa2 29. Nh5 Nf6 30. Ne7+ 1-0

[Event "St Petersburg Autumn op"]
[Site "St Petersburg"]
[Date "2011.11.04"]
[Round "8"]
[White "Kuvyrshin, Maksim"]
[Black "Ermolov, Vasily"]
[Result "1/2-1/2"]
[WhiteElo "1834"]
[BlackElo "2005"]
[PlyCount "39"]
[EventDate "2011.10.28"]
[EventType "swiss"]
[EventRounds "9"]
[EventCountry "RUS"]
[SourceTitle "EXT 2013"]
[Source "ChessBase"]
[SourceDate "2012.11.22"]
[SourceVersion "1"]
[SourceVersionDate "2012.11.22"]
[SourceQuality "1"]

1. e4 Nf6 2. e5 Nd5 3. Nc3 e6 4. Nxd5 exd5 5. d4 d6 6. f4 Be7 7. Nf3 c6 8. Bd3 Bg4 9. 0-0 Qd7 10. Qe2 0-0 11. Bd2 c5 12. c3 Nc6 13. Bb5 Rfc8 14. h3 Bxf3 15. Qxf3 a6 16. Bxc6 bxc6 17. f5 cxd4 18. f6 dxc3 19. fxe7 Qxe7 20. Bxc3 1/2-1/2

[Event "Eisk Azovskie Zori op"]
[Site "Eisk"]
[Date "2011.06.13"]
[Round "8"]
[White "Ermolov, Vasily"]
[Black "Tischenko, Sergey"]
[Result "1/2-1/2"]
[WhiteElo "2019"]
[BlackElo "2111"]
[PlyCount "82"]
[EventDate "2011.06.05"]
[EventType "swiss"]
[EventRounds "9"]
[EventCountry "RUS"]
[SourceTitle "EXT 2012"]
[Source "ChessBase"]
[SourceDate "2011.11.24"]
[SourceVersion "1"]
[SourceVersionDate "2011.11.24"]
[SourceQuality "1"]

1. e4 Nc6 2. Nf3 e5 3. Bb5 a6 4. Ba4 Nf6 5. 0-0 Be7 6. Re1 b5 7. Bb3 d6 8. c3 0-0 9. d4 Bg4 10. Be3 exd4 11. cxd4 Na5 12. Bc2 Nc4 13. Bc1 c5 14. b3 Nb6 15. Bb2 Rc8 16. Nbd2 Re8 17. Rc1 Nfd7 18. dxc5 dxc5 19. h3 Bh5 20. e5 Nf8 21. Bf5 Rc6 22. Be4 Rc7 23. Nf1 Bg6 24. Ng3 Ne6 25. Bxg6 hxg6 26. Ne4 Rd7 27. Qc2 Qc7 28. Red1 Red8 29. Rxd7 Qxd7 30. Ned2 Nd5 31. Bc3 Ndf4 32. Qe4 Qd5 33. Qxd5 Rxd5 34. Kf1 Bd8 35. Ne4 Bb6 36. g3 Nd3 37. Rd1 Nb4 38. Rxd5 Nxd5 39. Bd2 Kf8 40. Ke2 Ke7 41. Kd3 Bc7 1/2-1/2

[Event "Eisk Azovskie Zori op"]
[Site "Eisk"]
[Date "2011.06.10"]
[Round "6"]
[White "Getmanov, Yuriy"]
[Black "Ermolov, Vasily"]
[Result "0-1"]
[WhiteElo "1828"]
[BlackElo "2019"]
[PlyCount "64"]
[EventDate "2011.06.05"]
[EventType "swiss"]
[EventRounds "9"]
[EventCountry "RUS"]
[SourceTitle "EXT 2012"]
[Source "ChessBase"]
[SourceDate "2011.11.24"]
[SourceVersion "1"]
[SourceVersionDate "2011.11.24"]
[SourceQuality "1"]

1. e4 c5 2. f4 Nf6 3. Nc3 e6 4. Nf3 d5 5. e5 Nfd7 6. Bb5 a6 7. Bxd7+ Bxd7 8. d4 Nc6 9. Ne2 Rc8 10. Be3 Qb6 11. Rb1 cxd4 12. Nexd4 Qa5+ 13. c3 Qxa2 14. 0-0 Nxd4 15. Bxd4 Qc4 16. Ng5 Bb5 17. f5 Qxf1+ 18. Qxf1 Bxf1 19. Rxf1 h6 20. Nh3 Bc5 21. fxe6 Bxd4+ 22. cxd4 fxe6 23. Nf4 Rc6 24. Ng6 Rg8 25. b3 Rc3 26. Nf4 Rf8 27. Nxe6 Rxf1+ 28. Kxf1 Rxb3 29. Nc7+ Kd7 30. Nxd5 a5 31. Ke2 a4 32. Kd2 a3 0-1

[Event "Eisk Azovskie Zori op"]
[Site "Eisk"]
[Date "2011.06.09"]
[Round "5"]
[White "Ermolov, Vasily"]
[Black "Maazykin, Oleg"]
[Result "0-1"]
[WhiteElo "2019"]
[BlackElo "2008"]
[PlyCount "82"]
[EventDate "2011.06.05"]
[EventType "swiss"]
[EventRounds "9"]
[EventCountry "RUS"]
[SourceTitle "EXT 2012"]
[Source "ChessBase"]
[SourceDate "2011.11.24"]
[SourceVersion "1"]
[SourceVersionDate "2011.11.24"]
[SourceQuality "1"]

1. e4 c6 2. Nc3 d5 3. d4 dxe4 4. Nxe4 Nd7 5. Nf3 Ngf6 6. Ng3 e6 7. Bd3 c5 8. 0-0 Qc7 9. c3 Bd6 10. Bg5 h6 11. Bd2 b6 12. Re1 Bb7 13. dxc5 Nxc5 14. Bb5+ Bc6 15. Bxc6+ Qxc6 16. Nd4 Qd7 17. Qf3 0-0 18. Rad1 Rfe8 19. Bc1 e5 20. Ndf5 e4 21. Qe2 Nd3 22. Nxd6 Qxd6 23. Rf1 Nxc1 24. Rxc1 Qe6 25. b3 Re7 26. c4 Nd7 27. Rfe1 Rae8 28. Nf1 Nc5 29. Red1 Nd3 30. Rc2 f5 31. Ne3 Kh7 32. Nd5 Rf7 33. g3 g5 34. f3 Qe5 35. fxe4 fxe4 36. Rf1 Ref8 37. Rxf7+ Rxf7 38. Rd2 Rf3 39. Nf6+ Qxf6 40. Qxe4+ Kg7 41. Rxd3 Qa1+ 0-1

[Event "Eisk Azovskie Zori op"]
[Site "Eisk"]
[Date "2011.06.06"]
[Round "2"]
[White "Ermolov, Vasily"]
[Black "Golod, Ilja"]
[Result "0-1"]
[WhiteElo "2019"]
[BlackElo "2332"]
[PlyCount "66"]
[EventDate "2011.06.05"]
[EventType "swiss"]
[EventRounds "9"]
[EventCountry "RUS"]
[SourceTitle "EXT 2012"]
[Source "ChessBase"]
[SourceDate "2011.11.24"]
[SourceVersion "1"]
[SourceVersionDate "2011.11.24"]
[SourceQuality "1"]

1. e4 e5 2. d4 Nc6 3. d5 Nce7 4. Nf3 Ng6 5. h4 h5 6. Nbd2 Nf6 7. Bd3 Bc5 8. Nb3 Bb6 9. Bg5 d6 10. Qd2 c6 11. 0-0-0 Bg4 12. Kb1 cxd5 13. exd5 Qd7 14. Rde1 0-0-0 15. Nh2 Bf5 16. f3 Rde8 17. Be3 Bxd3 18. Bxb6 axb6 19. Qxd3 Nf4 20. Qd2 N4xd5 21. Rd1 Rd8 22. c4 Ne7 23. Nf1 Kb8 24. Ne3 d5 25. cxd5 Nfxd5 26. Nxd5 Nxd5 27. Rhe1 f6 28. Re4 Qb5 29. Rc1 Nf4 30. Qf2 Rc8 31. g3 Rxc1+ 32. Nxc1 Nd5 33. Qe2 Nc3+ 0-1